TOP 50 Réalisateurs USAP (21e siècle) - Statistiques

Statistiques générales
  • Ce quiz a été pris 186 fois
  • Le résultat moyen est 20 sur 50
Statistiques - réponses
Poste Points Réponse % Correct
9 427 (USAP 25/26) Ecochard
94%
10/15 582 (USAP 25/26) Allan
93%
15 1029 Porical
86%
10/15 337 (USAP 25/26) Tedder
86%
Centre 205 Marty
78%
10 170 (USAP 25/26) McIntyre
71%
Ailier/15 1041 Bousquet
64%
Ailier/15 162 (USAP 25/26) Dubois
63%
Ailier 100 (USAP 25/26) Veredamu
63%
Talonneur 100 Guirado
61%
Ailier 165 Sid
61%
Centre/Ailier/15 195 (Actif) Acebes
59%
15 459 (Actif) Jaminet
59%
10/15 129 (USAP 25/26) Aucagne
58%
9 149 Durand
58%
9/10 261 Mélé
57%
Ailier 120 Candelon
53%
10 981 Laharrague
50%
Ailier 245 Pujol
48%
10/15 801 Hook
45%
10/15 221 (Actif) Selponi
43%
10 724 Edmonds
40%
15 113 (Actif) Farnoux
40%
3e ligne/8 95 Chouly
39%
8 165 (Actif) Lemalu
39%
9 95 Deghmache
35%
Centre/Ailier 225 Manas
32%
3e ligne/8 135 Chateau
30%
Ailier 215 Bomati
29%
Ailier 160 Planté
28%
15 118 Montgomery
27%
Centre 155 Piukala
27%
2e/3e ligne 120 (Actif) Eru
26%
9/10 98 (Actif) Rodor
26%
Centre 145 Grandclaude
25%
15 145 Michel
25%
10 241 Bellot
24%
10 104 (Actif) Séguy
24%
10 268 Lacroix
21%
10/15 128 (Actif) Jackson
16%
Centre/Ailier/15 96 Cermeno
14%
10 135 Meyer
11%
10 98 Carlisle
10%
Arrière 198 Giannantonio
9%
Centre 95 Taumoepeau
9%
10 128 Volavola
9%
10 95 Rosalen
7%
Centre/Ailier 100 (Actif) Tilsley
7%
2e ligne/8 100 Alvarez-Kairelis
6%
Ailier 95 Bourret
6%
Aucun quiz correspondant
Distribution des résultats
% des personnes avec chaque résultat
Percentile par nombre de réponses
Votre historique - résultats
Vous n’avez pas pris ce quiz